000 00932cam a2200277 i 4500
001 bg
003 BPK
005 20210531113823.0
008 981118s1985 pl a f f |001 0 pol
015 _aPB 1985/6188
020 _a8301062193
040 _aWA N
_cBPK
041 0 _apol
080 _a930.2
080 _a(075.8)
100 1 _aMiśkiewicz, Benon
_d(1930-2008)
_eAutor
245 1 0 _aWstęp do badań historycznych :
_b[podręcznik dla studentów uniwersytetów] /
_cBenon Miśkiewicz.
250 _aWyd. 4 zm.
260 _aWarszawa ;
_aPoznań :
_bPańst. Wydaw. Naukowe,
_c1985.
300 _a340 s. :
_b2 mapy, rys. ;
_c25 cm.
504 _aBibliogr. przy rozdz. i s. 326-327. - Indeks.
650 4 _aHistoriografia
_xmetodologia.
655 4 _aPodręczniki akademickie
856 _uhttp://koha.tu.koszalin.pl/cgi-bin/koha/opac-detail.pl?biblionumber=22987
_yKatalog online BPK
942 _2UKD
_cKS
999 _c22987
_d22987